书目信息 |
| 题名: |
西方芭蕾史纲
|
|
| 作者: | 朱立人 著 | |
| 分册: | ||
| 出版信息: | 上海 上海音乐出版社 2001 |
|
| 页数: | 262页, [4] 页图版 | |
| 开本: | 26cm | |
| 丛书名: | 中国艺术教育大系 | |
| 单 册: | ||
| 中图分类: | J732.5 | |
| 科图分类: | ||
| 主题词: | 芭蕾舞--舞蹈史--西方国家--教材 | |
| 电子资源: | ||
| ISBN: | 7-80553-940-5 | |
| 000 | 00879nam 22002652 4550 | |
| 001 | 192004004565 | |
| 005 | 20070914163355.64 | |
| 010 | @a7-80553-940-5@dCNY27.00 | |
| 100 | @a20070604d2001 ekmy0chiy0121 ea | |
| 101 | 0 | @achi |
| 102 | @aCN@b310000 | |
| 105 | @aaf z 000yy | |
| 200 | 1 | @a西方芭蕾史纲@Axi fang ba lei shi gang@f朱立人著 |
| 210 | @a上海@c上海音乐出版社@d2001 | |
| 215 | @a262页, [4] 页图版@c图@d26cm | |
| 225 | 2 | @a中国艺术教育大系@Azhong guo yi shu jiao yu da xi@i舞蹈卷 |
| 300 | @a普通高等教育"九五"国家级重点教材 | |
| 330 | @a本书大概积少介绍了芭蕾的起源,前浪漫主义芭蕾,俄罗斯芭蕾,当代欧美芭蕾等. | |
| 410 | 0 | @12001 @a中国艺术教育大系 |
| 410 | 0 | @12001 @aChinese arteducation encyclopaedia |
| 606 | 0 | @a芭蕾舞@x舞蹈史@y西方国家@j教材 |
| 690 | @aJ732.5@v4 | |
| 701 | 0 | @a朱立人@Azhu li ren@4著 |
| 801 | 0 | @aCN@c20070914 |
| 905 | @dJ732.5@eZ855 | |
| 西方芭蕾史纲/朱立人著.-上海:上海音乐出版社,2001 |
| 262页, [4] 页图版:图;26cm.-(中国艺术教育大系.舞蹈卷) |
| 普通高等教育"九五"国家级重点教材 |
| ISBN 7-80553-940-5:CNY27.00 |
| 本书大概积少介绍了芭蕾的起源,前浪漫主义芭蕾,俄罗斯芭蕾,当代欧美芭蕾等. |
| ● |
| 相关链接 |
|
|
|
正题名:西方芭蕾史纲
索取号:J732.5/Z855
 
预约/预借
| 序号 | 登录号 | 条形码 | 馆藏地/架位号 | 状态 | 备注 |
| 1 | 617646 | 206176467 | 社科库309/309社科库 95排2列1层/ [索取号:J732.5/Z855] | 在馆 | |
| 2 | 617647 | 206176476 | 社科库309/309社科库 95排2列1层/ [索取号:J732.5/Z855] | 在馆 | |
| 3 | 617648 | 206176485 | 社科库309/309社科库 95排2列1层/ [索取号:J732.5/Z855] | 在馆 |